000 00853nas a2200277 4500
001 BR9200933
003 BR-BrBNA
005 20231205092327.0
007 ta
008 230509b bl.|||p| |||| 00| 00por d
040 _aBR-BrBNA
_bpor
_cBiblioteca Nacional de Agricultura
041 _a(Pt)
072 _aH20
100 1 _aBotelho, P.S.M.
100 1 _aParra, J.R.P.
100 1 _aAlves, S.B.
100 1 _aAlmeida, L.C. de
245 1 _aEficiencia de diferentes doses de anticontaminantes em dieta artificial para Diatraea saccharalis (Fabr., 1794)
650 _aFUNGO
650 _aBACTERIA
650 _aCRIACAO MASSAL
650 _aINSETO PARA CONTROLE BIOLOGICO
773 0 _tBrasil Acucareiro (Brazil)
_xISSN 0006-9167
_g(1986), v. 104(3-4) p. 18-22
_wBR9200933
909 _a202311
_bLúcia
_c55
_dLúcia Elande
942 _2AGRIS
_n0
_cANA
999 _c130958
_d130958